[Event "EUYCC 2022 - U10"]
[Site "?"]
[Date "2022.08.25"]
[Round "4.3"]
[White "Peglau, Paul David"]
[Black "Janouskova, Eliska"]
[Result "1-0"]
[WhiteElo "1635"]
[BlackElo "1330"]
[PlyCount "81"]
[EventDate "2022.??.??"]

1. d4 e6 2. Nf3 c5 3. g3 Nf6 4. Bg2 Nc6 5. O-O Be7 6. c4 cxd4 7. Nxd4 a6 8. Nc3
O-O 9. e4 d6 10. Nxc6 bxc6 11. Qa4 Qc7 12. f4 Nd7 13. f5 e5 14. Qd1 Nf6 15. g4
h6 16. g5 hxg5 17. Bxg5 Nh7 18. Bxe7 Qxe7 19. Rf3 Qf6 20. Rd3 Rd8 21. Qh5 Ng5
22. Rg3 Nh7 23. Rh3 Qh6 24. Qxh6 gxh6 25. Rxh6 f6 26. Rd1 Bb7 27. Rh3 Rd7 28.
Rhd3 Rad8 29. c5 Ng5 30. Rxd6 Rxd6 31. Rxd6 Rxd6 32. cxd6 Bc8 33. Bf1 a5 34.
Bc4+ Kf8 35. Kg2 Ke8 36. h4 Nh7 37. Na4 Nf8 38. Nc5 Kd8 39. Ne6+ Nxe6 40. fxe6
a4 41. h5 1-0

[Event "EUYCC 2022 - U10"]
[Site "?"]
[Date "2022.08.25"]
[Round "4.5"]
[White "Hladky, Mikulas"]
[Black "Kusova, Nikola"]
[Result "1/2-1/2"]
[WhiteElo "1576"]
[BlackElo "1224"]
[PlyCount "59"]
[EventDate "2022.??.??"]

1. e4 e5 2. Nf3 Nf6 3. Nxe5 d6 4. Nf3 Nxe4 5. d4 d5 6. Bd3 Bd6 7. c4 c6 8. O-O
O-O 9. Qc2 Nf6 10. cxd5 cxd5 11. Bg5 h6 12. Bh4 Nc6 13. h3 Nb4 14. Qb3 Nxd3 15.
Qxd3 Bd7 16. Nc3 Be7 17. Bxf6 Bxf6 18. Nxd5 Rc8 19. Nxf6+ Qxf6 20. Rac1 Qb6 21.
Qd2 Bc6 22. Ne5 Rfd8 23. Nxc6 Rxc6 24. Rxc6 bxc6 25. Rd1 Kf8 26. b3 Re8 27. Qc2
Qa6 28. Qd2 Re2 29. Qb4+ Kg8 30. a3 1/2-1/2

[Event "EUYCC 2022 - U10"]
[Site "?"]
[Date "2022.08.25"]
[Round "4.6"]
[White "Broz, Pavel"]
[Black "Policar, Martin"]
[Result "0-1"]
[WhiteElo "1066"]
[BlackElo "1461"]
[PlyCount "52"]
[EventDate "2022.??.??"]

1. e4 c6 2. d4 d5 3. e5 Bf5 4. Nf3 e6 5. Bd3 Bxd3 6. cxd3 Nd7 7. O-O Be7 8.
Nbd2 Nh6 9. Re1 Bb4 10. a3 Ba5 11. b4 Bb6 12. a4 Nf5 13. Nb3 O-O 14. Nc5 Bxc5
15. dxc5 Nh4 16. Re3 Nxf3+ 17. Rxf3 Nxe5 18. Rh3 Qf6 19. Qh5 Qf5 20. Qh4 Nxd3
21. Be3 Ne5 22. Bd4 f6 23. Re1 h6 24. Bxe5 fxe5 25. Rhe3 e4 26. Rg3 Qxf2+ 0-1

[Event "EUYCC 2022 - U10"]
[Site "?"]
[Date "2022.08.25"]
[Round "4.7"]
[White "Novotny, Adam"]
[Black "Frydel, Helena"]
[Result "1-0"]
[WhiteElo "1113"]
[BlackElo "1103"]
[PlyCount "87"]
[EventDate "2022.??.??"]

1. e4 e5 2. Nf3 Nf6 3. Nxe5 d6 4. Nf3 Nxe4 5. Nc3 Nxc3 6. dxc3 Be7 7. Be3 O-O
8. Qd2 Be6 9. O-O-O c5 10. Be2 a6 11. h4 b5 12. h5 Bxa2 13. b3 c4 14. Kb2 cxb3
15. cxb3 Qa5 16. Ra1 b4 17. Rxa2 Qc7 18. cxb4 Bf6+ 19. Bd4 Be7 20. Qc3 Qd8 21.
Bxg7 Re8 22. Kb1 Nd7 23. h6 Rc8 24. Qd4 Qc7 25. Bh8 f6 26. Bg7 Qb7 27. Bc4+
Rxc4 28. Qxc4+ d5 29. Qg4 Kf7 30. Qh5+ Ke6 31. Re1+ Kd6 32. Qxe8 d4 33. Qxe7+
Kc7 34. Rc2+ Kb6 35. Qd6+ Ka7 36. Rc7 Ka8 37. Re8+ Nb8 38. Rxb8+ Kxb8 39. Rxb7+
Kxb7 40. Nxd4 Ka7 41. Qc7+ Ka8 42. Qd7 a5 43. Nc6 axb4 44. Qa7# 1-0

[Event "EUYCC 2022 - U10"]
[Site "?"]
[Date "2022.08.25"]
[Round "4.8"]
[White "Stricova, Julia Nela"]
[Black "Galia, Simon"]
[Result "0-1"]
[WhiteElo "1040"]
[BlackElo "1077"]
[PlyCount "62"]
[EventDate "2022.??.??"]

1. e4 e5 2. Nf3 Nc6 3. Nc3 Nf6 4. Bb5 Nd4 5. O-O c6 6. Be2 Bd6 7. d3 O-O 8. Be3
c5 9. Qd2 Bc7 10. Nd1 d5 11. exd5 Nxd5 12. c3 Nxe2+ 13. Qxe2 b6 14. c4 Nb4 15.
Ne1 Bf5 16. Qf3 Bxd3 17. Nxd3 Nxd3 18. Qg4 Qf6 19. b3 e4 20. Qxe4 Qxa1 21. Qxd3
Rad8 22. Qc2 Qe5 23. g3 Rd7 24. Nc3 Rfd8 25. Bf4 Qf6 26. Nb5 Bxf4 27. gxf4 Qxf4
28. Qe2 Rd2 29. Qe7 Rd1 30. a3 Qg4+ 31. Kh1 Rxf1# 0-1

[Event "EUYCC 2022 - U14"]
[Site "?"]
[Date "2022.08.25"]
[Round "4.1"]
[White "Fizer, Marek"]
[Black "Brozynski, Patryk"]
[Result "0-1"]
[WhiteElo "1998"]
[BlackElo "1911"]
[PlyCount "124"]
[EventDate "2022.??.??"]

1. e4 c5 2. Nf3 e6 3. d4 cxd4 4. Nxd4 Nc6 5. Nc3 Qc7 6. Be3 a6 7. Be2 b5 8.
Nxc6 Qxc6 9. a3 Bb7 10. O-O Nf6 11. Bf3 e5 12. Qe2 Bc5 13. Rfd1 Bxe3 14. Qxe3
O-O 15. Rac1 d6 16. Nd5 Nxd5 17. exd5 Qd7 18. b3 Rac8 19. c4 Rc5 20. Be2 bxc4
21. bxc4 a5 22. Qb3 Rfc8 23. Rb1 Ba6 24. Rdc1 g6 25. Qb6 Bxc4 26. Bxc4 Rxc4 27.
Rxc4 Rxc4 28. Qxa5 Qf5 29. Rf1 Qd7 30. Rb1 Ra4 31. Qc3 Rd4 32. Qa5 Qa4 33. Qxa4
Rxa4 34. g3 Ra5 35. a4 Rxd5 36. Rb5 Rd3 37. a5 Kf8 38. a6 Ra3 39. Rb6 Ke7 40.
Rb7+ Ke6 41. a7 g5 42. Kf1 h5 43. Ke2 h4 44. gxh4 gxh4 45. Rb4 Rxa7 46. Rxh4
Ra2+ 47. Ke3 Ra3+ 48. Ke2 d5 49. Rh7 d4 50. f3 Ra2+ 51. Kd3 Rf2 52. Rh6+ f6 53.
h4 Rxf3+ 54. Ke2 e4 55. Rh8 d3+ 56. Kd2 Rf2+ 57. Ke1 Re2+ 58. Kd1 Ke5 59. h5
Kd4 60. h6 Ke3 61. h7 Rh2 62. Kc1 Rh1+ 0-1

[Event "EUYCC 2022 - U14"]
[Site "?"]
[Date "2022.08.25"]
[Round "4.2"]
[White "Peglau, Charis"]
[Black "Sabarez, Iulian"]
[Result "1-0"]
[WhiteElo "1837"]
[BlackElo "1702"]
[PlyCount "159"]
[EventDate "2022.??.??"]

1. d4 Nf6 2. c4 e6 3. Nf3 Bb4+ 4. Nc3 c5 5. e3 d6 6. Be2 Nc6 7. O-O Bxc3 8.
bxc3 O-O 9. Qc2 b6 10. Rd1 Qe7 11. a4 Na5 12. Nd2 Ba6 13. Bd3 Rfc8 14. Ba3 h6
15. Rac1 Qd7 16. h3 cxd4 17. cxd4 d5 18. c5 Bxd3 19. Qxd3 Qxa4 20. Ra1 Qd7 21.
Rdb1 bxc5 22. Bxc5 Nc6 23. Ra6 Rcb8 24. Rba1 Nb4 25. Bxb4 Rxb4 26. Qa3 Rb7 27.
Nb3 Qe7 28. Nc5 Rc7 29. Qa5 Ne4 30. Nxe4 dxe4 31. Qe5 Rac8 32. Qxe4 Rc1+ 33.
Rxc1 Rxc1+ 34. Kh2 Qc7+ 35. f4 Qb8 36. Ra2 Qb1 37. Qxb1 Rxb1 38. Kg3 Rb7 39.
Kf3 Kf8 40. Ra6 Ke7 41. g4 Kd7 42. h4 Kc7 43. h5 Kb8 44. g5 Rb5 45. Kg4 Rb1 46.
Ra5 Rg1+ 47. Kf3 Rh1 48. gxh6 gxh6 49. f5 Rf1+ 50. Ke4 Rxf5 51. Rxf5 exf5+ 52.
Kxf5 Kc7 53. Kf6 a5 54. Ke7 Kc6 55. e4 a4 56. d5+ Kc5 57. d6 a3 58. d7 a2 59.
d8=Q a1=Q 60. Qd6+ Kc4 61. Qd5+ Kb4 62. Kxf7 Qc1 63. Kg6 Qf4 64. Qf5 Qe3 65. e5
Kc5 66. Qf8+ Kd5 67. Qa8+ Ke6 68. Qc6+ Ke7 69. Qc7+ Ke8 70. Qf7+ Kd8 71. e6
Qe4+ 72. Kxh6 Qe3+ 73. Kh7 Qe4+ 74. Qg6 Qb7+ 75. Kh6 Qf3 76. Kg7 Qe3 77. Qf6+
Kc8 78. e7 Kd7 79. Kf8 Qe4 80. Qc6+ 1-0

[Event "EUYCC 2022 - U14"]
[Site "?"]
[Date "2022.08.25"]
[Round "4.3"]
[White "Desarmaux-Do, Yanis-Huy"]
[Black "Mickunaite, Agne"]
[Result "1/2-1/2"]
[WhiteElo "1935"]
[BlackElo "1527"]
[PlyCount "75"]
[EventDate "2022.??.??"]

1. Nf3 d5 2. g3 Nc6 3. d4 Bf5 4. Bg2 h6 5. O-O e6 6. c4 Nf6 7. Nc3 Be7 8. Ne5
O-O 9. cxd5 exd5 10. Nxc6 bxc6 11. Re1 Bb4 12. Qa4 c5 13. dxc5 Bxc3 14. bxc3
Ne4 15. Bxe4 Bxe4 16. f3 Bf5 17. Be3 Re8 18. Bf2 Re6 19. Rad1 Qc8 20. Rxd5 Ra6
21. Qh4 Rxa2 22. Red1 Qe6 23. e4 Bg6 24. Rd8+ Rxd8 25. Qxd8+ Kh7 26. Qxc7 Qb3
27. Rf1 Qxc3 28. Qf4 Rc2 29. Qe3 Qc4 30. Qd4 Qe2 31. Qd1 Qc4 32. Qd5 Qe2 33.
Qb3 f6 34. Qe3 Qc4 35. Qd4 Qe2 36. Qe3 Qc4 37. Qd4 Qe2 38. Qe3 1/2-1/2

[Event "EUYCC 2022 - U14"]
[Site "?"]
[Date "2022.08.25"]
[Round "4.4"]
[White "Paralieu, Maxime"]
[Black "Orfila, Kristofer"]
[Result "1-0"]
[WhiteElo "1898"]
[BlackElo "1723"]
[PlyCount "59"]
[EventDate "2022.??.??"]

1. Nf3 Nf6 2. g3 e6 3. Bg2 d5 4. d4 Be7 5. O-O O-O 6. c4 c6 7. Nc3 dxc4 8. Ne5
a6 9. a4 c5 10. e3 Qc7 11. Qe2 Nc6 12. Nxc6 bxc6 13. dxc5 Nd5 14. a5 Bxc5 15.
Qxc4 Bd6 16. Bd2 Rb8 17. Rfb1 Rd8 18. e4 Ne7 19. Be3 Qb7 20. Bb6 Bc7 21. Na4
Bxb6 22. axb6 Bd7 23. Ra3 e5 24. Bf1 Nc8 25. Nc5 Qxb6 26. Rb3 Qa7 27. Rxb8 Qxb8
28. Rd1 Qa7 29. Bh3 Nb6 30. Qd3 1-0

[Event "EUYCC 2022 - U14"]
[Site "?"]
[Date "2022.08.25"]
[Round "4.5"]
[White "Buchta, Bartolomej"]
[Black "Mueller, Maximilian"]
[Result "1-0"]
[WhiteElo "1701"]
[BlackElo "1873"]
[PlyCount "53"]
[EventDate "2022.??.??"]

1. e4 e6 2. d4 d5 3. e5 c5 4. c3 Nc6 5. Nf3 Qb6 6. Be2 Nh6 7. Na3 cxd4 8. cxd4
Bxa3 9. bxa3 Nf5 10. Be3 Qa5+ 11. Qd2 Qxa3 12. O-O Bd7 13. Rab1 Rb8 14. g4 Nfe7
15. Rb3 Qa5 16. Qb2 Qc7 17. Rc1 b6 18. Bg5 Qb7 19. Qa3 h6 20. Bxe7 Nxe7 21. Ba6
Qa8 22. Rc7 Rd8 23. Qd6 Ng6 24. Rbc3 Nf8 25. Bb7 Qb8 26. Bc6 h5 27. Rxd7 1-0

[Event "EUYCC 2022 - U14"]
[Site "?"]
[Date "2022.08.25"]
[Round "4.6"]
[White "Balazs, Sztella Anna"]
[Black "Gollner, Martin"]
[Result "0-1"]
[WhiteElo "1663"]
[BlackElo "1771"]
[PlyCount "58"]
[EventDate "2022.??.??"]

1. e4 c5 2. Nf3 e6 3. d4 cxd4 4. Nxd4 a6 5. Nc3 Nc6 6. Be3 Nf6 7. Bd3 Bb4 8.
O-O Qc7 9. Nce2 d5 10. Ng3 O-O 11. c3 Bd6 12. f4 e5 13. fxe5 Nxe5 14. Bf4 Bg4
15. Be2 Bd7 16. Ndf5 Bxf5 17. exf5 Nf3+ 18. Rxf3 Bxf4 19. Nf1 Rfe8 20. h3 Rad8
21. g4 Ne4 22. Kg2 Qe5 23. Bd3 Rd6 24. h4 g6 25. fxg6 Rxg6 26. Rh3 Kh8 27. Ne3
Reg8 28. g5 Bxg5 29. hxg5 Rxg5+ 0-1

[Event "EUYCC 2022 - U14"]
[Site "?"]
[Date "2022.08.25"]
[Round "4.7"]
[White "Paralieu, Emma"]
[Black "Novomeska, Karin"]
[Result "0-1"]
[WhiteElo "1596"]
[BlackElo "1765"]
[PlyCount "104"]
[EventDate "2022.??.??"]

1. e4 c6 2. d4 d5 3. exd5 cxd5 4. Bd3 Nc6 5. c3 Nf6 6. Bf4 Bg4 7. Qb3 Qc8 8.
Nd2 e6 9. Ngf3 Be7 10. a4 O-O 11. a5 a6 12. Qc2 Qd8 13. Ne5 Bh5 14. O-O Rc8 15.
Qa4 Nxe5 16. Bxe5 Bg6 17. Bxg6 hxg6 18. Qb3 Qd7 19. Nf3 Ne4 20. Bf4 Bd6 21.
Bxd6 Qxd6 22. Rad1 Qc7 23. Qb4 Rb8 24. Ne5 b6 25. axb6 Rxb6 26. Qa5 Qb7 27. f3
Nd6 28. Rb1 Rb5 29. Qa3 Rd8 30. Ra1 Rb6 31. Rfb1 Nb5 32. Qa2 Rb8 33. Rc1 Nd6
34. b4 Rc8 35. Qa4 Nb5 36. Qb3 Rc7 37. Nd3 Nd6 38. Nc5 Qc8 39. Ra2 Nc4 40. Rca1
a5 41. Ra4 e5 42. Qc2 exd4 43. cxd4 Rxb4 44. Rxb4 axb4 45. Qa4 Qf5 46. Qxb4 Qf4
47. Qe1 Qxd4+ 48. Kh1 Qxc5 49. Qe8+ Kh7 50. Ra8 g5 51. g4 Ne3 52. Qh8+ Kg6 0-1

[Event "EUYCC 2022 - U14"]
[Site "?"]
[Date "2022.08.25"]
[Round "4.8"]
[White "Grunert, Heinrich"]
[Black "Page, Noah"]
[Result "0-1"]
[WhiteElo "1342"]
[BlackElo "1992"]
[PlyCount "58"]
[EventDate "2022.??.??"]

1. e4 c5 2. Nf3 Nc6 3. d4 cxd4 4. Nxd4 e5 5. Nb5 d6 6. N1c3 a6 7. Na3 b5 8. Nd5
Nge7 9. c4 Nd4 10. Bd3 Nxd5 11. cxd5 f5 12. Nc2 Nxc2+ 13. Qxc2 f4 14. a4 bxa4
15. Rxa4 Bd7 16. Ra2 Be7 17. Bd2 O-O 18. f3 Bh4+ 19. Kf1 Qb6 20. Be1 Bxe1 21.
Kxe1 Qe3+ 22. Qe2 Qc1+ 23. Qd1 Rfc8 24. b3 Rc3 25. Be2 Qe3 26. Rd2 Rac8 27. Rd3
Rxd3 28. Qxd3 Rc1+ 29. Qd1 Bb5 0-1

[Event "EUYCC 2022 - U14"]
[Site "?"]
[Date "2022.08.25"]
[Round "4.9"]
[White "Abitbol, Ethan"]
[Black "Sigut, Ondrej"]
[Result "1-0"]
[WhiteElo "1490"]
[BlackElo "1495"]
[PlyCount "59"]
[EventDate "2022.??.??"]

1. e4 c5 2. Nc3 a6 3. d3 b5 4. g3 Bb7 5. Bg2 e6 6. f4 d5 7. Bd2 Be7 8. Qe2 Nf6
9. Nf3 Nc6 10. O-O d4 11. Nd1 h5 12. h3 Nh7 13. Nf2 g5 14. e5 gxf4 15. Bxf4 Nb4
16. h4 Nf8 17. Ng5 Bxg2 18. Kxg2 Ng6 19. Nfh3 Nxf4+ 20. Rxf4 Bxg5 21. Nxg5 Ra7
22. Raf1 Nd5 23. Rxf7 Ne3+ 24. Kh3 Nxf1 25. Rxa7 Qb8 26. Rxa6 Rf8 27. Qxh5+ Kd7
28. Qh7+ Kc8 29. Rc6+ Qc7 30. Qxc7# 1-0

[Event "EUYCC 2022 - U14"]
[Site "?"]
[Date "2022.08.25"]
[Round "4.10"]
[White "Janouskova, Adela"]
[Black "Dorazilova, Kristyna"]
[Result "1/2-1/2"]
[WhiteElo "1561"]
[BlackElo "1400"]
[PlyCount "72"]
[EventDate "2022.??.??"]

1. e4 b6 2. d4 Bb7 3. Nc3 e6 4. Bd3 Bb4 5. Nge2 Nf6 6. O-O h6 7. a3 Be7 8. f4
c5 9. Be3 c4 10. Bxc4 Nxe4 11. Nxe4 Bxe4 12. Ng3 Bb7 13. Qg4 g6 14. Bd3 h5 15.
Qe2 d6 16. c3 Nd7 17. Qc2 Rg8 18. Ne4 Qc7 19. Ng5 Nf8 20. Rae1 a6 21. Kh1 h4
22. Be4 Bxg5 23. fxg5 Rh8 24. h3 O-O-O 25. Bxb7+ Qxb7 26. Qf2 Rd7 27. d5 b5 28.
dxe6 Nxe6 29. Qf3 Rh5 30. Qxb7+ Kxb7 31. Rf6 Nxg5 32. Bxg5 Rxg5 33. Ref1 Kc6
34. Rxf7 Rxf7 35. Rxf7 Rf5 36. Rg7 Rf6 1/2-1/2

[Event "EUYCC 2022 - U14"]
[Site "?"]
[Date "2022.08.25"]
[Round "4.11"]
[White "Haapsal, Maria Ioanna"]
[Black "Lazniewska, Zofia"]
[Result "1/2-1/2"]
[WhiteElo "1334"]
[BlackElo "1545"]
[PlyCount "114"]
[EventDate "2022.??.??"]

1. e4 c5 2. Ne2 a6 3. Nbc3 b5 4. a3 Bb7 5. d3 d6 6. g3 g6 7. Bg2 Bg7 8. O-O Nc6
9. f4 e6 10. Kh1 Nge7 11. Be3 Nd4 12. Bxd4 cxd4 13. Nb1 O-O 14. c3 dxc3 15.
Nbxc3 d5 16. e5 Nf5 17. Qd2 Qb6 18. d4 Rfc8 19. Bh3 Rc4 20. Bxf5 exf5 21. b3
Rc7 22. Rac1 Rac8 23. Nb1 Bf8 24. Rxc7 Rxc7 25. Rc1 a5 26. Rxc7 Qxc7 27. Qc1
Qb6 28. Kg2 Kg7 29. Qe3 Qc6 30. Qc1 Qd7 31. Qc2 Be7 32. Kf3 h6 33. Nc1 Ba6 34.
Nd3 b4 35. Nc5 Qc6 36. a4 h5 37. h4 Bb7 38. Ke3 f6 39. Nd2 fxe5 40. fxe5 Ba6
41. Nf3 Qc8 42. Kf4 Bf1 43. Qc1 Be2 44. Nd2 Kh6 45. Ke3 Ba6 46. Nf3 Kg7 47. Nd3
Qxc1+ 48. Nxc1 Kf7 49. Ng5+ Bxg5+ 50. hxg5 Ke6 51. Nd3 Bxd3 52. Kxd3 Ke7 53.
Ke3 Ke6 54. Kf4 Ke7 55. Kf3 Ke6 56. Kf4 Ke7 57. Ke3 Ke6 1/2-1/2

[Event "EUYCC 2022 - U14"]
[Site "?"]
[Date "2022.08.25"]
[Round "4.12"]
[White "Skutil, Frantisek Elias"]
[Black "Krasilnikova, Marija"]
[Result "1/2-1/2"]
[WhiteElo "1514"]
[BlackElo "1271"]
[PlyCount "73"]
[EventDate "2022.??.??"]

1. e4 c5 2. Nf3 g6 3. d4 cxd4 4. Nxd4 Nc6 5. Be3 Bg7 6. Nc3 Nf6 7. Be2 O-O 8.
O-O d5 9. exd5 Nxd5 10. Nxd5 Nxd4 11. Bxd4 Qxd5 12. Bxg7 Qxd1 13. Raxd1 Kxg7
14. Rfe1 Be6 15. Bf3 Rab8 16. Rd2 b6 17. Red1 Rbc8 18. b3 h5 19. c4 Rfe8 20.
Rd4 Bf5 21. Be4 Bxe4 22. Rxe4 Red8 23. Red4 Rxd4 24. Rxd4 Rc7 25. f3 f5 26. Kf2
Kf6 27. Ke3 Rc6 28. h4 e5 29. Rd5 Ke6 30. a3 Rd6 31. Rxd6+ Kxd6 32. b4 a5 33.
Kd3 a4 34. Ke3 Kc6 35. Kd3 Kd6 36. Ke3 Kc6 37. Kd3 1/2-1/2

[Event "EUYCC 2022 - U14"]
[Site "?"]
[Date "2022.08.25"]
[Round "4.13"]
[White "Arshinkova, Boryana"]
[Black "Mikulinaite, Meta"]
[Result "1-0"]
[WhiteElo "1483"]
[BlackElo "1138"]
[PlyCount "129"]
[EventDate "2022.??.??"]

1. e4 e5 2. Nf3 d6 3. Bc4 Bg4 4. d3 Nf6 5. O-O g6 6. h3 Bxf3 7. Qxf3 Bg7 8. Nc3
O-O 9. Bg5 c6 10. Qe3 b5 11. Bb3 a5 12. a4 b4 13. Ne2 Re8 14. Bh6 d5 15. Bxg7
Kxg7 16. Kh1 Qc7 17. Rad1 Nbd7 18. Ng3 Nb6 19. Rfe1 Rad8 20. Qf3 d4 21. Qe2 c5
22. Nf1 Qc6 23. Ra1 Rf8 24. Nd2 Nfd7 25. Nc4 Nxc4 26. Bxc4 Qc7 27. Qd2 Nb6 28.
Bb5 c4 29. dxc4 Nxc4 30. Qe2 Nb6 31. Bd3 Nc8 32. Qg4 Nd6 33. Qg3 Rde8 34. f4
exf4 35. Qxf4 f6 36. b3 Qc6 37. Rad1 Re5 38. Rd2 Rfe8 39. Rf2 Rf8 40. Rf3 Qd7
41. Ref1 Qe7 42. Qh4 Nxe4 43. Rf4 g5 44. Rg4 f5 45. Rxf5 Rfxf5 46. Bxe4 Rxe4
47. Rxe4 gxh4 48. Rxe7+ Rf7 49. Re4 Rd7 50. Rg4+ Kf6 51. Rxh4 Kg5 52. Rg4+ Kf5
53. Rg3 Ke4 54. Rd3 Rd5 55. g4 h6 56. Kg2 Kf4 57. Rf3+ Ke4 58. Kf2 Re5 59. Rf6
h5 60. Kg3 hxg4 61. hxg4 Rd5 62. Rf4+ Ke3 63. Rf5 Rd7 64. Rxa5 Kd2 65. Rc5 1-0

[Event "EUYCC 2022 - U14"]
[Site "?"]
[Date "2022.08.25"]
[Round "4.15"]
[White "Sizov, Lev"]
[Black "Hetfleischova, Elen"]
[Result "1-0"]
[WhiteElo "1212"]
[BlackElo "1352"]
[PlyCount "67"]
[EventDate "2022.??.??"]

1. c4 Nf6 2. d4 g6 3. Nc3 Bg7 4. e4 d6 5. f4 O-O 6. Nf3 e5 7. dxe5 dxe5 8. Qxd8
Rxd8 9. Nxe5 Nbd7 10. Nxd7 Bxd7 11. Be2 Bc6 12. e5 Nd7 13. O-O Re8 14. Nd5 Rac8
15. Bg4 h5 16. Bf3 Nb6 17. Nxb6 cxb6 18. Bd5 b5 19. b3 Bxd5 20. cxd5 f6 21. Ba3
fxe5 22. fxe5 Rxe5 23. Rad1 Rd8 24. d6 Bf8 25. Rd3 Re4 26. Rf6 Kh7 27. Kf2 Bg7
28. Rf7 Kg8 29. Re7 Rxe7 30. dxe7 Re8 31. Rd7 Kf7 32. Rxb7 a6 33. Kf3 Bf6 34.
Ra7 1-0

[Event "EUYCC 2022 - U14"]
[Site "?"]
[Date "2022.08.25"]
[Round "4.16"]
[White "Stary, Simon"]
[Black "Prokhorova, Arina"]
[Result "1/2-1/2"]
[WhiteElo "1309"]
[BlackElo "1086"]
[PlyCount "82"]
[EventDate "2022.??.??"]

1. e4 c5 2. Nf3 d6 3. d4 cxd4 4. Nxd4 Nf6 5. Nc3 g6 6. Be3 Bg7 7. Qd2 O-O 8. f3
Nc6 9. O-O-O d5 10. Nxc6 bxc6 11. exd5 Nxd5 12. Nxd5 cxd5 13. Qxd5 Qc7 14. Qxa8
Bf5 15. Qxf8+ Kxf8 16. Bd3 Qe5 17. Kd2 Qxb2 18. Bxf5 gxf5 19. Rb1 Qc3+ 20. Kd1
Bd4 21. Bxd4 Qxd4+ 22. Kc1 Qe3+ 23. Kb2 Qb6+ 24. Ka1 Qc5 25. Rb2 Qf2 26. c4 Qd4
27. a3 Qxc4 28. Rhb1 Qc3 29. Ka2 Qc4+ 30. Rb3 a5 31. Ka1 a4 32. Rb8+ Kg7 33.
R8b4 Qc3+ 34. Ka2 Qc2+ 35. R1b2 Qd1 36. h3 Qd5+ 37. Ka1 Qd1+ 38. Ka2 Qd5+ 39.
Ka1 Qd1+ 40. Ka2 Qd5+ 41. Ka1 Qd1+ 1/2-1/2

[Event "EUYCC 2022 - U14"]
[Site "?"]
[Date "2022.08.25"]
[Round "4.17"]
[White "Kuzmina, Oleksandra"]
[Black "Dobsa, Emma"]
[Result "0-1"]
[WhiteElo "1144"]
[BlackElo "1526"]
[PlyCount "78"]
[EventDate "2022.??.??"]

1. d4 d5 2. c4 c6 3. cxd5 cxd5 4. Nc3 Nf6 5. Bg5 Nc6 6. e3 Bf5 7. Bb5 Ne4 8.
Bf4 e6 9. Nge2 Bd6 10. Bxd6 Qxd6 11. f3 Nf6 12. Ng3 Bg6 13. O-O O-O 14. e4 dxe4
15. Ngxe4 Nxe4 16. Nxe4 Bxe4 17. fxe4 Qxd4+ 18. Qxd4 Nxd4 19. Bd3 Rac8 20. Rf4
Nc2 21. Raf1 Ne3 22. R1f3 Rc1+ 23. Kf2 Nd1+ 24. Kg3 Nxb2 25. Be2 Nc4 26. h4 Ne5
27. Rf2 Rfc8 28. h5 Rh1 29. Rf1 Rc3+ 30. Kf2 Rxf1+ 31. Kxf1 Rc1+ 32. Kf2 Rc2
33. Ke3 Rxa2 34. g4 a5 35. Rf1 Rb2 36. Ra1 Nc6 37. Bf3 b5 38. e5 Nxe5 39. Rxa5
Nc4+ 0-1

[Event "EUYCC 2022 - U8"]
[Site "?"]
[Date "2022.08.26"]
[Round "5.1"]
[White "Cazacu, Iustin-Nicolas"]
[Black "Li, Yunqi"]
[Result "1-0"]
[WhiteElo "1456"]
[BlackElo "1282"]
[PlyCount "77"]
[EventDate "2022.??.??"]

1. d4 Nf6 2. c4 e6 3. Nc3 Bb4 4. g3 Ne4 5. Qc2 Nxc3 6. bxc3 Be7 7. Bg2 c5 8.
Nf3 O-O 9. O-O Qc7 10. Bf4 d6 11. e4 f6 12. e5 dxe5 13. dxe5 f5 14. Rfe1 Nc6
15. Rad1 Rb8 16. a4 b6 17. Rd2 Na5 18. Qa2 h6 19. h4 Ba6 20. Bf1 Qc6 21. Be2
Bb7 22. Red1 Rbd8 23. Rxd8 Rxd8 24. Rxd8+ Bxd8 25. h5 Qe4 26. Qd2 Be7 27. Qe3
Qc6 28. Bxh6 Qxa4 29. Bg5 Bxf3 30. Bxe7 Bxe2 31. Qxe2 Qa1+ 32. Kg2 Qxc3 33. h6
Qc1 34. hxg7 Kxg7 35. Qh5 Nc6 36. Bf6+ Kf8 37. Qh8+ Kf7 38. Qg7+ Ke8 39. Qc7
1-0

[Event "EUYCC 2022 - U8"]
[Site "?"]
[Date "2022.08.26"]
[Round "5.2"]
[White "Doan, Hoang Minh"]
[Black "Koev, Georgi"]
[Result "1-0"]
[WhiteElo "1115"]
[BlackElo "1119"]
[PlyCount "159"]
[EventDate "2022.??.??"]

1. e4 e5 2. Nf3 Nc6 3. Bb5 a6 4. Ba4 Nf6 5. O-O d6 6. Re1 Be7 7. d4 exd4 8.
Nxd4 Bd7 9. Nxc6 Bxc6 10. Bxc6+ bxc6 11. Nc3 O-O 12. Be3 Rb8 13. b3 Rb4 14. a3
Rb8 15. Qe2 Ra8 16. Rad1 d5 17. Qf3 Bxa3 18. exd5 cxd5 19. Nxd5 Nxd5 20. Rxd5
Bd6 21. Bf4 Re8 22. Red1 Re6 23. Bxd6 Rxd6 24. Rxd6 cxd6 25. Rxd6 Qe8 26. h3 h6
27. Qe3 Qxe3 28. fxe3 a5 29. Rd1 a4 30. Ra1 a3 31. Kf2 Rc8 32. c4 Ra8 33. Ke2
Kf8 34. Kd3 Ke7 35. Ra2 Kd6 36. b4 Rb8 37. c5+ Kc6 38. Kc4 Ra8 39. Kb3 Re8 40.
Ka4 Ra8+ 41. Kb3 Re8 42. Re2 Ra8 43. e4 Ra7 44. e5 Kd5 45. Ra2 Kxe5 46. Rxa3
Rc7 47. Kc4 Ke6 48. b5 Kd7 49. b6 Rc6 50. Ra7+ Kc8 51. Rc7+ Rxc7 52. bxc7 Kxc7
53. Kd5 h5 54. h4 Kd7 55. c6+ Kc7 56. Kc5 f6 57. Kd5 g5 58. Ke6 gxh4 59. Kxf6
Kxc6 60. Kg5 Kd7 61. Kxh4 Ke7 62. Kxh5 Kf7 63. Kh6 Kg8 64. Kg6 Kf8 65. g4 Kg8
66. g5 Kf8 67. Kh7 Ke7 68. g6 Kd6 69. g7 Ke5 70. g8=Q Kd4 71. Qe6 Kd3 72. Qe5
Kd2 73. Qe4 Kd1 74. Qg2 Kc1 75. Kg6 Kb1 76. Kf5 Ka1 77. Ke4 Kb1 78. Kd3 Ka1 79.
Kc3 Kb1 80. Qb2# 1-0

[Event "EUYCC 2022 - U8"]
[Site "?"]
[Date "2022.08.26"]
[Round "5.3"]
[White "Prokhorov, Makar"]
[Black "Malchev, Nikola"]
[Result "1-0"]
[WhiteElo "1289"]
[BlackElo "1117"]
[PlyCount "65"]
[EventDate "2022.??.??"]

1. e4 c6 2. d4 d5 3. e5 Bf5 4. Bd3 Bxd3 5. Qxd3 e6 6. Nf3 Nd7 7. O-O c5 8. c3
Ne7 9. Bg5 Qb6 10. Bxe7 Bxe7 11. Nbd2 O-O 12. Rfc1 Rac8 13. h3 Rc7 14. Rc2 Rfc8
15. Rac1 a6 16. g4 Qa7 17. a3 b5 18. b4 c4 19. Qe3 Nf8 20. h4 Ng6 21. h5 Nh4
22. Nxh4 Bxh4 23. g5 h6 24. gxh6 gxh6 25. Nf3 Be7 26. Qxh6 Bf8 27. Qf4 f5 28.
exf6 Rh7 29. Qg4+ Kh8 30. Nh4 Rb8 31. Ng6+ Kg8 32. Ne7+ Kh8 33. Qg8# 1-0

[Event "EUYCC 2022 - U8"]
[Site "?"]
[Date "2022.08.26"]
[Round "5.6"]
[White "Koutecky, Vaclav"]
[Black "Kovacs, Balazs"]
[Result "0-1"]
[WhiteElo "1068"]
[BlackElo "1463"]
[PlyCount "62"]
[EventDate "2022.??.??"]

1. e4 e5 2. Nf3 Nc6 3. d4 exd4 4. Bc4 Bc5 5. c3 Nf6 6. e5 d5 7. Bb5 Ne4 8. cxd4
Bb6 9. Nc3 O-O 10. Nxe4 dxe4 11. Ng5 Qxd4 12. Qxd4 Nxd4 13. O-O Nxb5 14. Nxe4
Bf5 15. Ng3 Bd3 16. Rd1 Rad8 17. Bg5 Rd5 18. a4 Nd4 19. Ra3 Rxe5 20. Bf4 Ne2+
21. Nxe2 Bxe2 22. Bxe5 Bxd1 23. Rg3 Re8 24. Rxg7+ Kf8 25. Rg5 f6 26. Rf5 Rxe5
27. Rxe5 fxe5 28. Kf1 Bxa4 29. Ke2 c5 30. Kd3 Bb5+ 31. Ke4 a5 0-1

[Event "EUYCC 2022 - U10"]
[Site "?"]
[Date "2022.08.26"]
[Round "5.2"]
[White "Matejka, Simon"]
[Black "Beniosev, Daniel"]
[Result "1-0"]
[WhiteElo "1285"]
[BlackElo "1403"]
[PlyCount "69"]
[EventDate "2022.??.??"]

1. d4 Nf6 2. c4 g6 3. Nc3 Bg7 4. Nf3 O-O 5. e4 c5 6. d5 d6 7. Be2 e6 8. Be3
exd5 9. exd5 a6 10. O-O Nbd7 11. Bf4 Qc7 12. Qa4 Rb8 13. h3 Re8 14. Rfe1 Nb6
15. Qa5 Rd8 16. Rad1 h6 17. Na4 Na8 18. Qxc7 Nxc7 19. Nxc5 Nh5 20. Bh2 Bxb2 21.
Na4 Ba3 22. Nd4 Bd7 23. Rd3 Bxa4 24. Rxa3 Be8 25. Bxh5 gxh5 26. Nf5 Bd7 27.
Bxd6 Bxf5 28. Bxc7 Rbc8 29. Bxd8 Rxd8 30. Rf3 Bg6 31. Rf6 Kg7 32. Rb6 Rd7 33.
d6 Kf6 34. Re7 Rxe7 35. d7+ 1-0

[Event "EUYCC 2022 - U10"]
[Site "?"]
[Date "2022.08.26"]
[Round "5.3"]
[White "Policar, Martin"]
[Black "Peglau, Paul David"]
[Result "0-1"]
[WhiteElo "1461"]
[BlackElo "1635"]
[PlyCount "56"]
[EventDate "2022.??.??"]

1. e4 e6 2. d4 d5 3. exd5 exd5 4. c4 Nf6 5. Nc3 Bb4 6. Bg5 O-O 7. Bd3 dxc4 8.
Bxc4 Nc6 9. Nge2 Bg4 10. O-O a6 11. f3 Bf5 12. Ne4 Be7 13. Bxf6 Bxf6 14. Nxf6+
Qxf6 15. Qd2 Rad8 16. Rad1 Nxd4 17. Nxd4 c5 18. Qa5 cxd4 19. Rfe1 Rfe8 20.
Rxe8+ Rxe8 21. Qd5 b5 22. Bd3 Bxd3 23. Rxd3 Rd8 24. Qe4 h6 25. Qg4 Qe6 26. Kf2
Qxa2 27. Rd2 Qc4 28. Qf5 Qd5 0-1